000 00731cam a22002413a 4500
001 597
003 PGUSA
005 20140828082950.0
008 041111s2004||||xxu|||||s|||||000 | eng d
040 _aPGUSA
_beng
042 _adc
050 4 _aPT
100 1 _aUnknown
245 1 4 _aThe Story of Burnt Njal :
_bThe Great Icelandic Tribune, Jurist, and Counsellor
_h[electronic resource] /
_cUnknown
260 _bProject Gutenberg,
_c2004
500 _aUnknown Icelandic authors, 13th century
506 _aPublic domain in the USA.
516 _aElectronic text
653 _aNjáll Thorgursson, approximately 930-1011
830 0 _aProject Gutenberg
_v597
856 4 0 _uhttp://www.gutenberg.org/ebooks/597
942 _cEB
999 _c229948
_d229948